| 000 | 00807nam a22002777a 4500 | ||
|---|---|---|---|
| 001 | 0048133 | ||
| 003 | KOHA_MİRAKIL | ||
| 005 | 20260207003609.0 | ||
| 007 | ta | ||
| 008 | 150619b2013 tu a|||gr||||#||||0|tur | | ||
| 020 | _a9786054031764 | ||
| 040 |
_aTR-BiSEU _btur _cTR-BiSEU _erda |
||
| 041 | 0 | _atur | |
| 044 | _ctu | ||
| 050 |
_aG155 _b.G43 2013 |
||
| 245 | 0 |
_aGeçmişten günümüze Sakarya turizmine akademik bir bakış/ _cEditör Burhanettin Zengin. |
|
| 264 | 1 |
_aSakarya : _bSakarya Üniversitesi _c2013 |
|
| 300 |
_a430 sayfa : _bresimli ; _c23 cm. |
||
| 336 |
_ametin _btxt _2rdacontent |
||
| 337 |
_aaracısız _bn _2rdamedia |
||
| 338 |
_acilt _bnc _2rdacarrier |
||
| 500 | _aKaynakça var. | ||
| 650 | 0 |
_aTurizm--Yönetim _946586 |
|
| 650 | 0 |
_aTourism--Sakarya _988451 |
|
| 942 |
_2lcc _cBK |
||
| 999 |
_c47973 _d47973 |
||